Veterinary medical mycology

محفوظ في:
التفاصيل البيبلوغرافية
المؤلف الرئيسي: Jungerman, Paul F.
التنسيق: كتاب
اللغة:Undetermined
منشور في: Philadelphia Lea & Febiger 1972
الموضوعات:
الوسوم: إضافة وسم
لا توجد وسوم, كن أول من يضع وسما على هذه التسجيلة!
Thư viện lưu trữ: Trung tâm Học liệu Trường Đại học Cần Thơ
LEADER 00453nam a2200169Ia 4500
001 CTU_126134
008 210402s9999 xx 000 0 und d
082 |a 636.0896969 
082 |b J95 
100 |a Jungerman, Paul F. 
245 0 |a Veterinary medical mycology 
260 |a Philadelphia 
260 |b Lea & Febiger 
260 |c 1972 
650 |a Veterinary mycology 
904 |i Nguyên 
980 |a Trung tâm Học liệu Trường Đại học Cần Thơ